000 01281cam a22003617a 4500
003 CHAP
005 20220329142850.0
008 041007ss002 es a r 00010 spa d
010 _a88901
011 _a89873
020 _a8497320778
035 _a100424
040 _cCHAP
082 0 4 _a006.6
_bS3
100 0 0 _aSanz Adán, Félix.
_9102575
245 1 0 _aCAD-CAM :
_bgráficos, animación y simulación por computador
_c/por Félix Sanz Adán y Julio Blanco Fernández
260 _aMadrid :
_bThomson,
_c2002
300 _a217 p. :
_bilus.
590 _aBATCH-UPD
_b10
_c20130110
_lUCH01
_h0604
590 _aBATCH-UPD
_b10
_c20130110
_lUCH01
_h2357
590 _aBATCH-UPD
_b10
_c20130410
_lUCH01
_h0246
590 _aBATCH-UPD
_b10
_c20130410
_lUCH01
_h1643
590 _aBATCH-UPD
_b10
_c20130914
_lUCH01
_h1821
590 _aCONVERSION
_b10
_c20130109
_lUCH01
_h1349
650 1 4 _aMétodos gráficos en computación.
_976634
650 1 4 _aProcesamiento automático de datos.
_991738
650 1 4 _aSimulación.
_9106523
700 0 _aBlanco Fernández, Julio.
_913079
901 _aBK
942 _cLIBRO
949 _a006.6 S3
_bBC
_cLIBRO
_d33724000928198
_eLIBRO
_gI. c/e
_h104601
_i100424
_si
949 _a006.6 S3
_bBC
_cLIBRO
_d33724000928677
_eLIBRO
_fc.2
_gI. c/e
_h104602
_i100424
_si
999 _c88901
_d88901